| 000 | 00504 a2200169 4500 | ||
|---|---|---|---|
| 003 | Nust | ||
| 005 | 20170207153427.0 | ||
| 040 | _cNust | ||
| 082 | _a005.1 | ||
| 100 | _aQuddus, Ghania BESE-08 | ||
| 245 |
_aDesign and simulation of an efficient unicast routing protocol in mobile ADHOC networks (MANETS) (Hard / Soft-copy) _cGhania Quddus & Rabia Khan BESE-08 |
||
| 260 |
_bMCS _cApril 2006 |
||
| 300 | _ax, 81p | ||
| 538 | _aAlmirah No 71 Shelf No 4 | ||
| 650 | _aUG Projects | ||
| 651 | _aUG CS Projects | ||
| 942 | _cTHS | ||
| 999 |
_c185960 _d185960 |
||